| 000 | 05495nam a22002897a 4500 | ||
|---|---|---|---|
| 003 | NALT | ||
| 005 | 20250922154005.0 | ||
| 008 | 250819b th ||||| |||| 00| 0 tha d | ||
| 040 | _aNALT | ||
| 086 | _aสผ 17 7.3 379.13 2567 | ||
| 110 | 2 |
_aสำนักงานเลขาธิการสภาผู้แทนราษฎร. _bสำนักกรรมาธิการ 1. _bกลุ่มงานคณะกรรมาธิการศึกษาการจัดทำและติดตามการบริหารงบประมาณ _966449 |
|
| 245 | 1 | 0 |
_aรายงานผลการศึกษา เรื่อง ข้อเสนอการปรับระบบงบประมาณด้านการอุดมศึกษา วิทยาศาสตร์ วิจัยและนวัตกรรม ของคณะกรรมาธิการศึกษาการจัดทำและติดตามการบริหารงบประมาณ สภาผู้แทนราษฎร / _cสำนักกรรมาธิการ 1 สำนักงานเลขาธิการสภาผู้แทนราษฎร. |
| 260 |
_aกรุงเทพฯ : _bสำนักกรรมาธิการ 1 สำนักงานเลขาธิการสภาผู้แทนราษฎร, _c2567. |
||
| 300 |
_a39 หน้า : _bภาพประกอบ, ตาราง, แผนภูมิ ; _c30 ซม. |
||
| 505 | 2 | _aรายงานผลการพิจารณาศึกษา -- บทที่ 1 บทนำ -- 1.1 ความเป็นมาและความสำคัญของปัญหา -- 1.2 วัตถุประสงค์ -- 1.3 ขอบเขตการศึกษา -- 1.4 วิธีการศึกษา -- 1.5 กรอบการพิจารณา -- 1.6 ระยะเวลาในการศึกษา -- 1.7 ประโยชน์ที่คาดว่าจะได้รับ -- บทที่ 2 ระบบงบประมาณของกระทรวงการอุดมศึกษา วิทยาศาสตร์ วิจัยและนวัตกรรม -- 2.1 การปฏิรูประบบการอุดมศึกษา วิทยาศาสตร์ วิจัยและนวัตกรรม -- 2.2 ระบบงบประมาณด้านการอุดมศึกษา วิทยาศาสตร์ วิจัยและนวัตกรรม -- 2.3 กระบวนการจัดทำงบประมาณในปัจจุบัน -- 2.4 ประเด็นวิพากษ์ระบบการอุดมศึกษา วิทยาศาสตร์ วิจัยและนวัตกรรม -- บทที่ 3 ปัญหาและข้อจำกัดของกระบวนการงบประมาณในปัจจุบัน -- 3.1 ความเชื่อมโยงการทำงานของการอุดมศึกษา วิทยาศาสตร์ วิจัยและนวัตกรรมกับภาพรวมของประเทศ -- 3.2 ระบบงบประมาณด้านการอุดมศึกษา -- 3.3 ระบบงบประมาณด้านวิทยาศาสตร์ วิจัยและนวัตกรรม -- บทที่ 4 ข้อสังเกตในการการปรับกระบวนการงบประมาณ -- 4.1 ข้อสังเกตต่อคณะรัฐมนตรีในการการปรับกระบวนการงบประมาณด้านการอุดมศึกษา -- 4.2 ข้อสังเกตต่อคณะรัฐมนตรีในการการปรับกระบวนการงบประมาณด้านวิทยาศาสตร์ วิจัยและนวัตกรรม -- บทที่ 5 สรุปแนวทางการปรับกระบวนการดำเนินงานด้านงบประมาณอุดมศึกษา วิทยาศาสตร์ วิจัยและนวัตกรรม. | |
| 610 | 2 | 4 |
_aคณะกรรมาธิการศึกษาการจัดทำและติดตามการบริหารงบประมาณ สภาผู้แทนราษฎร _xรายงาน _966605 |
| 650 | 4 |
_aงบประมาณ _95796 |
|
| 650 | 4 |
_aการศึกษา _xงบประมาณ _966607 |
|
| 650 | 4 |
_aนวัตกรรม _xงบประมาณ _966608 |
|
| 650 | 4 |
_aวิทยาศาสตร์ _xงบประมาณ _966609 |
|
| 710 | 2 |
_aคณะกรรมาธิการศึกษาการจัดทำและติดตามการบริหารงบประมาณ สภาผู้แทนราษฎร. _966606 |
|
| 856 | 4 | 0 | _uhttps://prt.parliament.go.th/items/5ae1b73b-5853-46a4-8ff5-cc7039692cfd |
| 942 |
_cPAR _2local |
||
| 996 |
_akanyakorn.i _bLIBSTF _c2025-08-19 |
||
| 996 |
_ajamriang.p _bCATSTF _c2025-09-22 |
||
| 999 |
_c107113 _d107113 |
||
| 998 |
_j1020 _k นางจำเรียง ระวังสำโรง |
||